Riconosci il Pokémon - Quiz n°1004 - Statistics

Statistiche generali
  • Questo quiz è stato fatto 1 volte
  • Il punteggio medio è 7 su 10
Statistiche sulle risposte
Indizio Risposta % Corretto
Altezza 1,0 m
100%
Peso 42,4 kg
100%
Sesso 50% ♂, 50% ♀
100%
Tipo Normale / Terra
100%
Stadio evoluzione Prima evoluzione
100%
Abilità Raccolta; Guancegonfie; Macroforza
100%
Generazione Sesta
100%
Tasso di cattura 127 (26%)
0%
Pokémon Diggersby
0%
Tasso di allevamento Medio-Veloce
0%
Nessun quiz corrispondente trovato
Distribuzione punteggi
Percentuale di utenti per punteggio
Percentile per numero di risposta
I tuoi punteggi nel tempo
Non hai fatto questo quiz